| 000 | 01560nam a2200385 a 4500 | ||
|---|---|---|---|
| 001 | ebr10231151 | ||
| 003 | CaPaEBR | ||
| 006 | m u | ||
| 007 | cr cn||||||||| | ||
| 008 | 811202s1982 mnua sb s001 0 eng d | ||
| 010 | _z 81019825 | ||
| 020 | _z0816610010 | ||
| 020 | _z9780816610013 | ||
| 020 | _z9780816661978 | ||
| 040 |
_aCaPaEBR _cCaPaEBR |
||
| 035 | _a(OCoLC)277199940 | ||
| 050 | 1 | 4 |
_aRC48 _b.C53 1982eb |
| 082 | 0 | 4 |
_a616 _219 |
| 245 | 0 | 0 |
_aClinical decisions and laboratory use _h[electronic resource] / _cedited by Donald P. Connelly ... [et al.]. |
| 260 |
_aMinneapolis : _bUniversity of Minnesota Press, _cc1982. |
||
| 300 |
_axv, 355 p. : _bill. |
||
| 490 | 1 | _aPublications in the health sciences | |
| 490 | 1 |
_aUniversity of Minnesota continuing medical education ; _vv. 1 |
|
| 504 | _aIncludes bibliographical references and index. | ||
| 533 |
_aElectronic reproduction. _bPalo Alto, Calif. : _cebrary, _d2013. _nAvailable via World Wide Web. _nAccess may be limited to ebrary affiliated libraries. |
||
| 650 | 0 |
_aClinical medicine _xDecision making. |
|
| 650 | 0 |
_aMedical laboratories _xUtilization. |
|
| 650 | 0 | _aDiagnosis, Laboratory. | |
| 655 | 7 |
_aElectronic books. _2local |
|
| 700 | 1 | _aConnelly, Donald P. | |
| 710 | 2 | _aebrary, Inc. | |
| 830 | 0 |
_aUniversity of Minnesota continuing medical education (Series) ; _vv. 1. |
|
| 830 | 0 | _aPublications in the health sciences. | |
| 856 | 4 | 0 |
_uhttp://site.ebrary.com/lib/rucke/Doc?id=10231151 _zAn electronic book accessible through the World Wide Web; click to view |
| 999 |
_c39547 _d39547 |
||